Dead by Daylight Survivor Perks - Statistics

General Stats
  • This quiz has been taken 46 times
  • The average score is 58 of 170
Answer Stats
Full Perk Name % Correct
Balanced Landing
93%
Lithe
85%
Self-Care
85%
Windows of Opportunity
81%
Bond
78%
Dead Hard
78%
Decisive Strike
78%
Leader
78%
Adrenaline
74%
Flashbang
74%
Sprint Burst
74%
Unbreakable
74%
Botany Knowledge
70%
Deliverance
70%
Head On
70%
Alert
67%
Déjà Vu
67%
Empathy
67%
Prove Thyself
67%
Boon: Circle of Healing
63%
Iron Will
63%
Left Behind
63%
Off the Record
63%
Quick & Quiet
63%
Babysitter
59%
Boon: Shadow Step
59%
Finesse
59%
No Mither
59%
Saboteur
59%
Urban Evasion
59%
Blast Mine
56%
Borrowed Time
56%
Clairvoyance
56%
Plot Twist
56%
Resilience
56%
Any Means Necessary
52%
Breakout
52%
For the People
52%
Mettle of Man
52%
Sole Survivor
52%
Bite the Bullet
48%
Calm Spirit
48%
Resurgence
48%
Streetwise
48%
Wake Up!
48%
Autodidact
44%
Boil Over
44%
Dramaturgy
44%
Fast Track
44%
Fixated
44%
Overcome
44%
Stake Out
44%
Vigil
44%
Ace in the Hole
41%
Background Player
41%
Dance with Me
41%
Diversion
41%
Flip-Flop
41%
Lucky Break
41%
Object of Obsession
41%
Red Herring
41%
Scene Partner
41%
Tenacity
41%
Aftercare
37%
Breakdown
37%
Buckle Up
37%
Built to Last
37%
Detective's Hunch
37%
Lucky Star
37%
No One Left Behind
37%
Potential Energy
37%
Rookie Spirit
37%
Second Wind
37%
Self-Preservation
37%
We're Gonna Live Forever
37%
Better Together
33%
Boon: Exponential
33%
Champion of Light
33%
Chemical Trap
33%
Deception
33%
Distortion
33%
Hyperfocus
33%
Pharmacy
33%
Solidarity
33%
Soul Guard
33%
Up the Ante
33%
Camaraderie
30%
Kindred
30%
Overzealous
30%
Poised
30%
Quick Gambit
30%
Smash Hit
30%
Better than New
26%
Blood Pact
26%
Counterforce
26%
Eyes of Belmont
26%
Hope
26%
Invocation: Weaving Spiders
26%
Made for This
26%
Parental Guidance
26%
Power Struggle
26%
Spine Chill
26%
Teamwork: Power of Two
26%
Wicked
26%
Wiretap
26%
Appraisal
22%
Bardic Inspiration
22%
Boon: Dark Theory
22%
Desperate Measures
22%
Hardened
22%
Light-Footed
22%
Lightweight
22%
Low Profile
22%
Moment of Glory
22%
Open-Handed
22%
Reassurance
22%
Residual Manifest
22%
Shoulder the Burden
22%
Slippery Meat
22%
We'll Make It
22%
Exultation
19%
Fogwise
19%
Inner Strength
19%
One-Two-Three-Four!
19%
Repressed Alliance
19%
Scavenger
19%
Small Game
19%
Specialist
19%
This is Not Happening
19%
Dark Sense
15%
Inner Focus
15%
Mirrored Illusion
15%
Reactive Healing
15%
Troubleshooter
15%
Apocalyptic Ingenuity
11%
Bada Bada Boom
11%
Come and Get Me!
11%
Deadline
11%
Five Moves Ahead
11%
Ghost Notes
11%
Invocation: Treacherous Crows
11%
Last Stand
11%
Plunderer's Instinct
11%
Rapid Response
11%
Strength in Shadows
11%
Teamwork: Toughen Up
11%
Boon: Illumination
7%
Clean Break
7%
Conviction
7%
Corrective Action
7%
Cut Loose
7%
Duty of Care
7%
Extrasensory Perception
7%
Premonition
7%
Road Life
7%
Still Sight
7%
Teamwork: Collective Stealth
7%
Visionary
7%
A Place for Us
4%
Blood Rush
4%
Change of Plan
4%
Do No Harm
4%
Flow State
4%
We See You
4%
Emphatic Connection
0%
Friendly Competiton
0%
Silent Technician
0%
Teamwork: Full Circuit
0%
Teamwork: Soft-Spoken
0%
Teamwork: Throw Down
0%
No matching quizzes found
Score Distribution
Percent of People with Each Score
Percentile by Number Answered
Your Score History
You have not taken this quiz